000 00956cam a22002651 4500
999 _c10139
_d10139
001 4529986
003 OSt
005 20200104123852.0
008 790405s1958 ii a 000 0 eng
010 _a 59000972
020 _a195606744
040 _aDLC
_cDLC
_dDLC
043 _ad------
050 0 0 _aHD82
_b.A545
082 0 0 _a338.9
_bAGA/E
100 _aAgarwala, A N
_q(Amar Narain),
_d1917-
_eed.
_91026
245 1 4 _aThe economics of underdevelopment;
_ca series of articles and papers selected and edited by A. N. Agarwala and S. P. Singh.
260 _a[Bombay,
_aNew York]
_bIndian Branch, Oxford University Press,
_c1958.
300 _a510 p.
_billus.
_c22 cm.
650 0 _aEconomic development.
651 0 _aDeveloping countries
_xEconomic conditions.
700 1 _aSingh, Sampat Pal,
_d1929-2011,
_ejoint ed.
906 _a7
_bcbc
_corignew
_du
_eocip
_f19
_gy-gencatlg
942 _2ddc
_cBK
_h338.9
_iAGA/E
_k338.9
_mAGA/E